01015cam a22002775a 45000010009000000050017000090080041000260200038000670200015001050400028001200820022001481000025001702450075001952500012002702600050002823000036003325000025003686500039003936500039004326500044004716530035005157000019005509420008005699990017005779520143005941827401820201128021441.0140820t2015 njua fr 001 0 eng d a9780133570182 (pbk. : alk. paper) a0133570185 aDLCbengcDLCdEG-ScBUE04222a005.7565bMAN1 aMani, Kannan.93921610aVirtualizing oracle databases on vsphere /cKannan Mani, Don Sullivan. a1st ed. aUpper Saddle River :bVM Ware Press,cc.2015. axxvii, 352 p. :bill. ;c24 cm. aIndex : p. 341-352.  7aRelational databases.2BUEsh92656 7aDatabase management.2BUEsh911309 7aVirtual computer systems.2BUEsh939141 bCOMSCIcJuly2015cFebruary20161 aSullivan, Don. 2ddc c20383d20355 00102ddc40708BaccahaMAINbMAINcLOWd2015-07-30ePurchaseg400.00h21759l0o005.7565 MANp000039596r2025-07-15 00:00:00v500.00yBB